000 00584nam a2200217Ia 4500
003 GCL
008 140319s9999 xx 000 0 ara d
040 _aGCL /
_cGCL
082 0 4 _a961.1
_bات
100 1 _aاحسان حقى
245 1 0 _aتونس العربية /
_cاحسان حقى
300 _a300
490 _aالمكتبة العربية
_v0
650 0 4 _aتاريخ
650 0 4 _aتونس
650 0 4 _aالفينيقيون
650 0 4 _aالمغرب العربى
650 0 4 _aالبربر
650 0 4 _aالمغرب العربى - تاريخ
942 _2ddc
_cBK
999 _c42224
_d42224